History Quiz

Random History or Canada Quiz

Australian, British or Canadian Prime Minister? Quiz Stats

 Plays Quiz Updated Dec 16, 2020

Support Sporcle.
Go Orange.
Score 0/30 Timer 03:00
3 Plays Today
Prime Minister A, B or C? % Correct
Margaret Thatcher???
86.8%
David Cameron???
86.5%
Justin Trudeau???
82.7%
Theresa May???
79.4%
David Lloyd George???
79.2%
John Major???
78.9%
Julia Gillard???
78.4%
Kevin Rudd???
76.6%
Sir Robert Walpole???
76.2%
Bob Hawke???
74.4%
Benjamin Disraeli???
74.3%
William Ewart Gladstone???
74.2%
Clement Attlee???
74%
Malcolm Turnbull???
71.8%
John Howard???
69.1%
Prime Minister A, B or C? % Correct
Stephen Harper???
68.1%
Gough Whitlam???
67.3%
John Diefenbaker???
65.9%
Robert Menzies???
63.9%
Sir Wilfrid Laurier???
61.6%
Spencer Perceval???
61.3%
William Lyon Mackenzie King???
59.5%
Alfred Deakin???
58.3%
Paul Martin???
57.9%
Kim Campbell???
57.4%
Sir John A. Macdonald???
55.3%
Joe Clark???
54.2%
Joseph Lyons???
48.6%
Sir Earle Page???
37.9%
Sir John Abbott???
36.2%

From the Vault

101 More Clickable Author Surnames

by MSUKent

We're not on a first name basis with them and we're feeling big on formalities today.
Remove Ads.
Support Sporcle.
Get the best of Sporcle when you Go Orange. This ad-free experience offers more features, more stats, and more fun while also helping to support Sporcle. Thank you for becoming a member.

Show Comments

Extras

Top Quizzes Today


Score Distribution

Your Account Isn't Verified!

In order to create a playlist on Sporcle, you need to verify the email address you used during registration. Go to your Sporcle Settings to finish the process.

Report this User

Report this user for behavior that violates our Community Guidelines.

Details: